507 sayılı Esnaf ve Sanatkârlar Kanunu (Record no. 3798)

MARC details
000 -BAŞLIK
Sabit Uzunlukta Kontrol Alanı 00718na a2200217 4500
001 - KONTROL NUMARASI
Denetim Alanı 17544
003 - KONTROL NUMARASI IDENTIFIER
Denetim Alanı MIRAKIL
005 - SON İŞLEM TARİHİ VE ZAMANI
Denetim Alanı 20181213154943.0
008 - SABİT-BOY VERİ ELEMANLARI - GENEL BİLGİLER
Sabit Uzunlukta Kontrol Alanı 161025b tu 000 0
040 ## - KATALOGLAMA KAYNAK
Orijinal Kataloglama Ajansı Milas
Kataloglama Dili tur
Metne Dönüştürmek Ajansı TR-AnCHP
041 ## - DİL KODU
Metin / Ses Parça Veya Ayrı Başlığın Dil Kodu tur
082 ## - DEWEY ONLU SINIFLANDIRMA NUMARASI
Sınıflandırma Numarası 344.017940263
Ürün Numarası B37 1991
090 ## - SINIFLAMA NUMARASI
Sınıflama Numarası 344.017940263 B37 1991
245 ## - BAŞLIK TABLOSU
Başlık 507 sayılı Esnaf ve Sanatkârlar Kanunu
Başlığın Kalan (son değişikliklerle)
246 ## - UNVAN FORM VARYING
Başlık Doğru / Kısa Başlığı 507 sayılı Esnaf ve Sanatkarlar Kanunu
260 ## - YAYIN, DAĞITIM, VB
Yayın, Dağıtım, Vb Yeri Ankara
Yayıncı, Dağıtıcı, Vs Adı Türkiye Şoförler ve Otomobilciler Federasyonu
Yayın, Dağıtım, Vb Tarihi 1991
300 ## - FİZİKSEL TANIM
Kapsam 91 s.
Boyutlar 16 sm.
650 ## - KONU KATMA GİRİŞ - TOPİKAL DÖNEM
Topikal Süreli Veya Coğrafi Ad Giriş Elemanı Esnaf ve sanatkarlar
Genel Alt Bölümü Hukuk ve mevzuat
Kronolojik Alt Bölümü Türkiye
Coğrafi Alt Bölümü Kanunlar
651 ## - KONU KATMA GİRİŞ - COĞRAFİ ADI
Coğrafi İsim Türkiye
Genel Alt Bölümü Esnaf ve Sanatkarlar Kanunu, 1964
942 ## - EKLENDİ GİRİŞ ELEMANLARI (KOHA)
Sınıflandırma Veya Raf Düzeni Kaynak Dewey Decimal Classification
Koha Öğesi Türü Books
999 ## - SİSTEM KONTROL NUMARALARI (KOHA)
Koha Biblionumber 3798
Koha Biblioitemnumber 3798
Holdings
Kalıcı Konum Mevcut Konum Edinme Tarihi Edinim Kaynak Toplam Check-Out'Lar Tam Çağrı Numarası Barkod Tarih Son Görülme İtibaren Geçerli Fiyatlar Koha Öğesi Türü
CHP Kütüphanesi CHP Kütüphanesi 10/25/2016 Bağış   344.017940263 B37 1991 008180 10/25/2016 10/25/2016 Books